Administracin̤ financiera aplicada a Restaurantes

Bibliographic Details
Main Author: Ayala Brito, Gamaliel
Other Authors: Becerril Sǹchez, Betel
Format: eBook
Language:Spanish
Published: Mx̌ico D.F. : Instituto Mexicano de Contadores Pb︢licos, 2007
Subjects:
Online Access:http://www.vlex.com/source/7060

MARC

LEADER 00000nam a22000007a 4500
005 20130225161809.0
007 cr|||| ||||
008 130225e2007 mx |||||s|||| 00||0 spa d
020 |a 978-970-665-292-8 
035 |a 7060 
040 |a VLex 
090 |c 3749  |d 3749 
100 1 0 |a Ayala Brito, Gamaliel 
245 1 0 |a Administracin̤ financiera aplicada a Restaurantes  |h [Recurso electrn̤ico] 
256 |a Servicio en ln̕ea 
260 |a Mx̌ico D.F. :   |b Instituto Mexicano de Contadores Pb︢licos,   |c 2007 
300 |a 1 Recurso electrn̤ico 
650 0 4 |a Administracin̤ (Management) 
650 0 4 |a Empresa 
650 0 4 |a Contabilidad  |z Mx̌ico 
700 1 0 |a Becerril Sǹchez, Betel  
740 |a vLex Libros (Servicio en ln̕ea) 
856 |a Acceso restringido  |u http://www.vlex.com/source/7060 
942 |c BOOK 
999 0 |a Enterprise